Govt. of
Madhya Pradesh

Children's Health (Record no. 8236)

MARC details
000 -LEADER
fixed length control field 004330000a22001810004500
003 - CONTROL NUMBER IDENTIFIER
control field MACL
005 - DATE AND TIME OF LATEST TRANSACTION
control field 20150822111314.0
008 - FIXED-LENGTH DATA ELEMENTS--GENERAL INFORMATION
fixed length control field 150822b xxu||||| |||| 00| 0 eng d
040 ## - CATALOGING SOURCE
Original cataloging agency MACL
Transcribing agency MACL
041 ## - LANGUAGE CODE
Language code of text/sound track or separate title English
082 ## - DEWEY DECIMAL CLASSIFICATION NUMBER
Classification number 610/SIN
100 ## - MAIN ENTRY--PERSONAL NAME
Personal name Singh, Dr. P K
9 (RLIN) 6662
245 ## - TITLE STATEMENT
Title Children's Health
260 ## - PUBLICATION, DISTRIBUTION, ETC. (IMPRINT)
Name of publisher, distributor, etc. Priyanka Prakashan
Date of publication, distribution, etc. 2007
Place of publication, distribution, etc. Delhi
350 ## - PRICE (NR) (BK AM CF MU VM SE) [OBSOLETE]
Price 250
650 ## - SUBJECT ADDED ENTRY--TOPICAL TERM
Topical term or geographic name as entry element Medical science
9 (RLIN) 6664
942 ## - ADDED ENTRY ELEMENTS (KOHA)
Koha item type Books
Call number prefix 610
Source of classification or shelving scheme
Holdings
Withdrawn status Lost status Source of classification or shelving scheme Damaged status Not for loan Home library Current library Date acquired Cost, normal purchase price Total Checkouts Full call number Barcode Date last seen Uniform Resource Identifier Price effective from Koha item type
          MACL MACL 22/08/2015 250.00   610/SIN CRE021902 02/05/2024 8149 15/04/2015 Books